Banking on knowledge : the genesis of the Global Development Network / (Record no. 9269)
[ view plain ]
| 000 -LEADER | |
|---|---|
| fixed length control field | 02644nac a22003011u 4500 |
| 010 ## - LIBRARY OF CONGRESS CONTROL NUMBER | |
| LC control number | 00055329 |
| 020 ## - INTERNATIONAL STANDARD BOOK NUMBER | |
| International Standard Book Number | 0415248477 : |
| 020 ## - INTERNATIONAL STANDARD BOOK NUMBER | |
| International Standard Book Number | 0415248485 (pbk.) : |
| 082 00 - DEWEY DECIMAL CLASSIFICATION NUMBER | |
| Classification number | 338.90072 |
| Item number | BAN |
| 090 ## - LOCALLY ASSIGNED LC-TYPE CALL NUMBER (OCLC); LOCAL CALL NUMBER (OCLC) | |
| -- | 9269 |
| -- | 9269 |
| 100 ## - MAIN ENTRY--PERSONAL NAME | |
| Personal name | 20080729 |
| 245 00 - TITLE STATEMENT | |
| Title | Banking on knowledge : the genesis of the Global Development Network / |
| Statement of responsibility, etc | edited by Diane Stone. |
| 260 ## - PUBLICATION, DISTRIBUTION, ETC. (IMPRINT) | |
| Place of publication, distribution, etc | London ; |
| -- | New York : |
| Name of publisher, distributor, etc | Routledge,2000. |
| Date of publication, distribution, etc | 2000. |
| 300 ## - PHYSICAL DESCRIPTION | |
| Extent | xvii, 266 p. : |
| Other physical details | ill. ; |
| Dimensions | 24 cm. |
| 440 #0 - | |
| -- | Warwick studies in globalisation |
| 500 ## - GENERAL NOTE | |
| General note | Based on papers presented at a conference held in Bonn, 1999 to launch the Global Development Network. |
| 500 ## - GENERAL NOTE | |
| General note | Distributer: Al-Ahram |
| 504 ## - BIBLIOGRAPHY, ETC. NOTE | |
| Bibliography, etc | Includes bibliographical references and index. |
| 505 8# - FORMATTED CONTENTS NOTE | |
| Formatted contents note | Machine generated contents note: PART I -- The GDN and knowledge for development 1 -- 1 The genesis of the GDN 3 -- ERIK JOHNSON AND DIANE STONE -- 2 Scan globally, reinvent locally: knowledge infrastructure and the localisation of knowledge 24 -- JOSEPH STIGLITZ -- 3 The instrumentalisation of development knowledge 44 -- KNUT G. NUSTAD AND OLE J. SENDING --PART II -- Civil society engagement 63 -- 4 Think tanks in independent Belarus: catalysts for social transformation 65 -- OLEG MANAEV -- 5 New partnerships in research: activists and think tanks.An illustration from the NCAER in New Delhi 87 -- RATNA M. SUDARSHAN -- 6 Building productive partnerships for the promotion of reform: the APOYO Institute in Peru 104 -- GABRIEL ORTIZ DE ZEVALLOS AND ALEJANDRO SALAS --PART III -- Reform and reconstruction 123 -- 7 The challenges of intervention for Cambodian think tanks 125 -- KAO KIM HOURN -- 8 Post-communist think tanks: making and faking influence 142 -- IVAN KRASTEV -- 9 Influencing government policy making 162 -- SIMON JAMES -- PART IV -- Knowledge across borders 181 -- 10 Southeast Asian research institutes and regional cooperation 183 -- HELEN E.S. NESADURAI AND DIANE STONE -- 11 Globalisation, think tanks and policy transfer 203 -- STELLA LADI -- 12 Think tanks and the ecology of policy inquiry 221 -- EVERT LINDQUIST -- Conclusion 239 -- 13 Knowledge, power and policy 241 -- DIANE STONE. |
| 511 ## - PARTICIPANT OR PERFORMER NOTE | |
| Participant or performer note | Catalogued by: Sara |
| 650 #0 - SUBJECT ADDED ENTRY--TOPICAL TERM | |
| Topical term or geographic name as entry element | Economic development |
| General subdivision | Research. |
| 650 #0 - SUBJECT ADDED ENTRY--TOPICAL TERM | |
| Topical term or geographic name as entry element | Communication in economic development. |
| 700 1# - ADDED ENTRY--PERSONAL NAME | |
| Personal name | Stone, Diane |
| Dates associated with a name | 1964- |
| 710 2# - ADDED ENTRY--CORPORATE NAME | |
| Corporate name or jurisdiction name as entry element | Global Development Network. |
| 856 41 - ELECTRONIC LOCATION AND ACCESS | |
| Materials specified | Table of contents only |
| Uniform Resource Identifier | <a href="http://www.loc.gov/catdir/toc/fy041/00055329.html">http://www.loc.gov/catdir/toc/fy041/00055329.html</a> |
| 856 41 - ELECTRONIC LOCATION AND ACCESS | |
| Materials specified | Publisher description |
| Uniform Resource Identifier | <a href="http://www.loc.gov/catdir/enhancements/fy0650/00055329-d.html">http://www.loc.gov/catdir/enhancements/fy0650/00055329-d.html</a> |
| 942 ## - ADDED ENTRY ELEMENTS (KOHA) | |
| Item type | Book - Borrowing |
| Call number prefix | 338.90072BAN |
| Withdrawn status | Item status | Damaged status | Not for loan | Home library | Current library | Shelving location | Date acquired | Source of acquisition | Total Checkouts | Total Renewals | Full call number | Barcode | Date last seen | Date last borrowed | Koha item type |
|---|---|---|---|---|---|---|---|---|---|---|---|---|---|---|---|
| Central Library | Central Library | First floor | 29/04/2008 | Purchase | 1 | 2 | 338.90072BAN | 000011119 | 15/07/2025 | 10/10/2017 | Book - Borrowing |